[Event "Budimex POL-ch Women 2018"]
[Site "Warsaw"]
[Date "2018.05.19"]
[Round "8"]
[White "Kubicka, Anna"]
[Black "Rajlich, Iweta"]
[Result "0-1"]
[WhiteElo "2219"]
[BlackElo "2389"]
[Annotator "TA"]
[PlyCount "94"]
[EventDate "2018.??.??"]
[EventType "tourn"]
[EventCountry "POL"]
[SourceTitle "playchess.com"]
[Source "ChessBase"]
[SourceQuality "1"]

{[%evp 14,94,30,27,52,33,52,21,38,24,34,29,27,30,54,39,32,31,41,31,24,33,39,44,63,58,54,78,84,59,90,41,34,44,75,21,52,13,12,0,0,0,0,0,0,-11,-13,-11,-4,-44,-42,-71,-49,-55,-39,-49,-51,-45,-30,-176,-120,-286,-287,-346,-323,-984,-994,-1259,-1204,-1260,-1209,-1020,-1018,-1026,-1320,-1243,-1189,-1228,-1117,-2985,-2159,-1725,-1475]} 1. c4 c5 2. Nc3 Nc6 3. g3 g6 4. Bg2 Bg7 5. e3 d6 6. Nge2 Bd7 7. O-O {A36: Englische Eröffnung (Botwinnik-Variante)} Nf6 (7... Qc8 8. Nf4 h5 9. h3 Be5 10. Nfd5 Bxh3 11. Bxh3 Qxh3 12. Nc7+ Kd7 13. Nxa8 h4 14. f4 hxg3 {0-1 (14) Lomako,P (2333)-Hracek,Z (2612) Minsk 2017}) 8. d4 {LiveBook: 15 Partien} a6 9. b3 {Weiß steht etwas besser.} Rb8 $146 ({Vorgänger:} 9... O-O 10. Bb2 Rb8 11. f4 Qc8 12. Rb1 Bh3 13. d5 Na7 14. Qd3 b5 15. e4 Bxg2 16. Kxg2 Nd7 17. h4 Rb7 18. Nd1 bxc4 19. Qxc4 Rb4 20. Qd3 c4 21. Qe3 Qa8 22. Bxg7 Kxg7 23. Qc3+ {1-0 (23) Burkhardt,W-Beckmann,T Germany 1996}) 10. Bb2 cxd4 11. Nxd4 Nxd4 12. Qxd4 O-O 13. Nd5 Ne8 14. Qd2 Bxb2 15. Qxb2 e6 16. Nc3 {[%cal Bd5c3,Bc3e2,Be2d4][%mdl 32]} (16. Nb4 {feels hotter.} a5 17. Nc2 b5 18. cxb5 Bxb5 19. Rfd1) 16... b5 17. cxb5 axb5 18. Rfd1 f5 19. Rac1 Qf6 20. Qd2 g5 21. Ne2 h5 22. Qd4 (22. Qb4 {keeps more tension.} d5 23. a4 Qd8 24. a5 Ra8 25. Ra1) 22... Qxd4 23. Nxd4 d5 24. Rc5 ({Besser ist} 24. Nf3 $16) 24... Nf6 25. Ra1 b4 26. a4 bxa3 $1 27. Rxa3 Rfc8 28. Rxc8+ Rxc8 29. Ra1 g4 30. b4 Kf7 31. Rb1 Rb8 32. Rb2 Ke7 33. Bf1 e5 34. Nc2 Ne4 35. Ne1 Kd6 36. Bg2 (36. f3 $11 {und Weiss ist OK.} gxf3 37. Nxf3) 36... Bb5 (36... Ra8 $19 37. Bxe4 fxe4) 37. Bxe4 $2 {[#]} (37. Bf1 $17) 37... fxe4 $17 {[%mdl 4096] Endspiel KTL-KTS} ({Weniger gut wäre} 37... dxe4 38. Rd2+ Ke6 39. Rc2 $17) 38. Kg2 Ra8 39. Rb1 $2 (39. Nc2) 39... Ra2 $19 {Schwarz steht klar auf Gewinn.} 40. Kg1 d4 41. exd4 exd4 42. Ng2 d3 43. Ne3 Re2 44. Kg2 Ke6 45. Rf1 d2 {[#] ( -> ...Txe3!)} 46. Nc2 d1=Q 47. Rxd1 Rxc2 {Precision: Weiß = 27%, Schwarz = 63%.} 0-1

[Event "Budimex POL-ch Women 2018"]
[Site "Warsaw"]
[Date "2018.05.20"]
[Round "9"]
[White "Zawadzka, Jolanta"]
[Black "Kubicka, Anna"]
[Result "1-0"]
[WhiteElo "2424"]
[BlackElo "2219"]
[Annotator "TA"]
[PlyCount "69"]
[EventDate "2018.??.??"]
[EventType "tourn"]
[EventCountry "POL"]
[SourceTitle "playchess.com"]
[Source "ChessBase"]
[SourceQuality "1"]

{[%evp 23,69,6,18,-3,27,19,31,24,60,14,13,16,45,43,60,55,104,105,128,112,121,123,124,104,238,204,205,205,208,195,203,212,233,210,254,250,379,386,366,354,29988,29989,29988,29989,29989,29990,29990,29991]} 1. e4 e5 2. Nf3 Nf6 3. Nxe5 d6 4. Nf3 Nxe4 5. d4 d5 6. Bd3 Bd6 7. O-O O-O 8. c4 c6 9. Nc3 Nxc3 10. bxc3 {[%cal Bb2c3,Bc3c4][%mdl 32]} dxc4 11. Bxc4 Bf5 12. Re1 {C42: Russische Verteidigung (Petrow)} Nd7 {LiveBook: 4 Partien} 13. h3 (13. Bg5 Qa5 14. Qb3 b5 15. Bf1 Rfe8 16. c4 Be6 17. Qc2 bxc4 18. Bxc4 Bxc4 19. Qxc4 Qd5 {½-½ (30) Anand,V (2783)-Caruana,F (2807) Saint Louis 2017}) 13... Nb6 14. Bf1 $146 {Weiß hat minimalen Vorteil.} ({Vorgänger:} 14. Bg5 Qd7 15. Bb3 Nd5 16. c4 {1-0 (28) Houska,J (2155)-Giblin,W (2160) England 1997}) 14... Qc7 15. c4 {[#] Und c5 würde nun gewinnen.} Bf4 16. Bb2 Rfe8 17. Qb3 Qd7 18. Ne5 Bxe5 19. dxe5 c5 20. a4 {[%cal Ba2a4,Ba4a5][%mdl 32]} Qc7 21. a5 Nd7 22. g4 Be6 23. f4 $36 {[%cal Bf2f4,Bf4f5][%mdl 2080] Und weiter mit f5 wäre nett. Weiss ist am Drücker.} Nf8 (23... b5 $16 {war angesagt.}) 24. Bg2 $18 Bd7 25. f5 ({Schwächer ist} 25. Bxb7 Rab8 $14) 25... Bc6 26. Bd5 Rad8 27. Qf3 Rd7 28. Bc3 Rde7 29. Rad1 Nd7 (29... Qb8 $142 30. a6 (30. Bxc6 bxc6 31. Rd6 Qb3 $16) 30... Bxd5 31. cxd5 bxa6) 30. e6 fxe6 31. Rxe6 ({Auf keinen Fall} 31. fxe6 Nf8 $18) 31... Kh8 $2 {[#]} (31... Bxd5 $18 32. cxd5 Qd8) 32. Bxg7+ $1 {[%mdl 512] Weiß setzt Matt.} Kxg7 (32... Rxg7 33. Rxe8+) 33. f6+ Kh8 34. fxe7 Bxd5 35. Rxd5 {Precision: Weiß = 87%, Schwarz = 32%.} 1-0

[Event "Budimex POL-ch Women 2018"]
[Site "Warsaw"]
[Date "2018.05.20"]
[Round "9"]
[White "Szczepkowska, Karina"]
[Black "Warakomska, Anna"]
[Result "0-1"]
[WhiteElo "2404"]
[BlackElo "2295"]
[Annotator "ChessBase"]
[PlyCount "94"]
[EventDate "2018.??.??"]
[EventType "tourn"]
[EventCountry "POL"]
[SourceTitle "playchess.com"]
[Source "ChessBase"]
[SourceQuality "1"]
[TimeControl "40/5400+30:1800+30"]

1. d4 {[%emt 0:00:00]} d5 {[%emt 0:00:17]} 2. c4 {[%emt 0:00:00]} c6 {[%emt 0:00:02]} 3. Nc3 {[%emt 0:00:00]} Nf6 {[%emt 0:00:15]} 4. e3 {[%emt 0:00:00]} e6 {[%emt 0:00:42]} 5. Nf3 {[%emt 0:00:04]} Nbd7 {[%emt 0:00:16]} 6. Bd3 {[%emt 0:00:07]} dxc4 {[%emt 0:00:48]} 7. Bxc4 {[%emt 0:00:06]} b5 {[%emt 0:00:36]} 8. Bd3 {[%emt 0:01:39]} Bd6 {[%emt 0:03:12]} 9. O-O {[%emt 0:01:53]} O-O {[%emt 0:01:30]} 10. Bd2 {[%emt 0:00:17]} b4 {[%emt 0:10:49]} 11. Ne2 {[%emt 0:08:56]} c5 {[%emt 0:03:22]} 12. Ng3 {[%emt 0:09:00]} Bb7 {[%emt 0:01:56]} 13. Re1 {[%emt 0:03:31]} Rc8 {[%emt 0:06:21]} 14. Rc1 {[%emt 0:00:57]} Qb6 {[%emt 0:02:32]} 15. Bb1 {[%emt 0:20:14]} Rfd8 {[%emt 0:11:43]} 16. Ng5 {[%emt 0:12:25]} cxd4 {[%emt 0:09:36]} 17. Rxc8 {[%emt 0:02:51]} Rxc8 {[%emt 0:00:18]} 18. e4 {[%emt 0:07:53]} Ne5 {[%emt 0:14:03]} 19. Nh5 {[%emt 0:11:57]} Nxh5 {[%emt 0:05:00]} 20. Qxh5 {[%emt 0:00:02]} h6 {[%emt 0:01:07]} 21. Nh3 {[%emt 0:01:53]} d3 {[%emt 0:05:09]} 22. b3 {[%emt 0:01:17]} Qd4 {[%emt 0:01:07]} 23. Nf4 {[%emt 0:08:23]} Bxe4 {[%emt 0:01:59]} 24. Qd1 {[%emt 0:00:11]} Bf5 {[%emt 0:02:55]} 25. Be3 {[%emt 0:00:56]} Qc3 {[%emt 0:01:07]} 26. Bd2 {[%emt 0:00:12]} Qb2 {[%emt 0:00:51]} 27. Be3 {[%emt 0:00:45]} d2 {[%emt 0:04:08]} 28. Bxd2 {[%emt 0:01:38]} Bxb1 {[%emt 0:00:20]} 29. Be3 {[%emt 0:00:01]} Bc5 {[%emt 0:02:14]} 30. Bxc5 {[%emt 0:04:00]} Rxc5 {[%emt 0:00:05]} 31. Qxb1 {[%emt 0:00:05]} Qxb1 {[%emt 0:00:06]} 32. Rxb1 {[%emt 0:00:01]} Rc2 {[%emt 0:00:11]} 33. Ra1 {[%emt 0:01:08]} g5 {[%emt 0:00:30]} 34. Nh5 {[%emt 0:00:15]} Nd3 {[%emt 0:00:29]} 35. h3 {[%emt 0:01:13]} Rc1+ {[%emt 0:00:44]} 36. Rxc1 {[%emt 0:00:05]} Nxc1 {[%emt 0:00:03]} 37. Nf6+ {[%emt 0:00:09]} Kg7 {[%emt 0:00:16]} 38. Ne8+ {[%emt 0:00:47]} Kf8 {[%emt 0:00:35]} 39. Nd6 {[%emt 0:04:05]} Nxa2 {[%emt 0:00:14]} 40. Nb5 {[%emt 0:00:00]} a5 {[%emt 0:01:25]} 41. Nd4 {[%emt 0:00:15]} Nc1 {[%emt 0:00:24]} 42. Kf1 {[%emt 0:02:03]} e5 {[%emt 0:01:18]} 43. Nc6 {[%emt 0:00:03]} Nxb3 {[%emt 0:00:07]} 44. Nxe5 {[%emt 0:00:02]} Nd4 {[%emt 0:02:11]} 45. Ke1 {[%emt 0:00:20]} a4 {[%emt 0:01:13]} 46. Nd3 {[%emt 0:00:37]} b3 {[%emt 0:01:13]} 47. Kd2 {[%emt 0:00:01]} a3 {[%emt 0:00:38]} 0-1

[Event "Budimex POL-ch Women 2018"]
[Site "Warsaw"]
[Date "2018.05.20"]
[Round "9"]
[White "Rajlich, Iweta"]
[Black "Kulon, Klaudia"]
[Result "0-1"]
[WhiteElo "2389"]
[BlackElo "2353"]
[Annotator "NA"]
[PlyCount "74"]
[EventDate "2018.??.??"]
[EventType "tourn"]
[EventCountry "POL"]
[SourceTitle "playchess.com"]
[Source "ChessBase"]
[SourceQuality "1"]
[TimeControl "40/5400+30:1800+30"]

1. b3 {[%emt 0:00:00]} Nf6 {[%emt 0:00:06]} 2. Bb2 {[%emt 0:00:00]} g6 {[%emt 0:00:04]} 3. Bxf6 {[%emt 0:00:00]} exf6 {[%emt 0:00:04]} 4. c4 {[%emt 0:00:00]} d5 {[%emt 0:00:04] A01: Nimzowitsch-Larsen Opening} (4... f5 5. Nc3 d6 6. g3 Nd7 7. Bg2 Nf6 8. e3 h5 9. h4 Bh6 10. Nge2 O-O 11. O-O Re8 12. Nf4 c6 13. Nce2 a5 14. Qc2 Bd7 15. a3 Ng4 16. Rab1 Bg7 17. b4 axb4 18. axb4 Ra3 19. d4 {½-½ (19) Iturrizaga Bonelli,E (2662)-Ponomariov,R (2692) Linares 2017}) 5. cxd5 {[%emt 0:00:13]} Qxd5 {[%emt 0:00:02]} 6. Nc3 {[%emt 0:00:09]} Qa5 {[%emt 0:00:06]} 7. g3 {[%emt 0:00:59]} c6 {[%emt 0:00:28]} 8. Bg2 {[%emt 0:00:28]} Bg7 {[%emt 0:05:19]} 9. Nf3 {[%emt 0:03:32]} f5 {[%emt 0:01:28]} 10. O-O $146 {[%emt 0:00:50]} ({Predecessor:} 10. Qc1 O-O 11. O-O Nd7 12. a3 {1-0 (35) Segal,A (2324)-Lima,D (2094) Serra Negra 2002}) 10... O-O {[%emt 0:00:11]} 11. Qc2 {[%emt 0:02:32]} Re8 {[%emt 0:03:58]} 12. Rac1 {[%emt 0:10:51]} Na6 {[%emt 0:03:36]} 13. d4 {[%emt 0:03:08]} c5 {[%emt 0:14:21]} 14. e3 {[%emt 0:08:59]} f4 {[%emt 0:06:24]} 15. gxf4 {[%emt 0:15:38]} Bf5 {[%emt 0:00:05]} 16. Qd2 {[%emt 0:02:49]} Rad8 {[%emt 0:00:06]} 17. Rfe1 {[%emt 0:05:37]} (17. d5 $14) 17... cxd4 {[%emt 0:05:15]} 18. exd4 {[%emt 0:00:53]} Rxe1+ {[%emt 0:00:38]} 19. Qxe1 {[%emt 0:04:07]} Nc7 {[%emt 0:04:12]} 20. Qe3 {[%emt 0:14:01]} Ne6 {[%emt 0:11:59]} 21. d5 {[%emt 0:01:39]} Nxf4 {[%emt 0:02:20]} 22. Qxf4 {[%emt 0:00:28]} Bxc3 {[%emt 0:00:04]} 23. Qc4 {[%emt 0:07:30]} Bb2 {[%emt 0:00:36]} 24. Rd1 {[%emt 0:00:25]} Qxa2 {[%emt 0:02:31]} 25. Qh4 {[%emt 0:03:21]} Rd7 {[%emt 0:02:01]} 26. Ng5 {[%emt 0:01:57]} h5 {[%emt 0:00:47]} 27. Qg3 {[%emt 0:02:08]} Kg7 {[%emt 0:03:46]} 28. Bh3 {[%emt 0:01:22]} Bxh3 {[%emt 0:10:37]} 29. Qxh3 {[%emt 0:00:01]} Rd8 {[%emt 0:01:34]} 30. Nxf7 {[%emt 0:02:40]} Kxf7 {[%emt 0:03:05]} 31. Qe6+ {[%emt 0:00:01]} Kf8 {[%emt 0:00:05]} 32. d6 {[%emt 0:01:42]} Re8 {[%emt 0:02:01]} 33. Qd5 {[%emt 0:00:48]} Bf6 {[%emt 0:02:25]} 34. d7 {[%emt 0:03:04]} Rd8 {[%emt 0:00:01]} 35. Re1 {[%emt 0:02:13]} Qa3 {[%emt 0:00:51]} 36. Kg2 $19 {[%emt 0:01:52]} Qb4 {[%emt 0:01:06]} 37. h3 {[%emt 0:01:23]} Qxe1 0-1

[Event "Budimex POL-ch Women 2018"]
[Site "Warsaw"]
[Date "2018.05.20"]
[Round "9"]
[White "Bartel, Marta"]
[Black "Socko, Monika"]
[Result "1/2-1/2"]
[WhiteElo "2280"]
[BlackElo "2458"]
[Annotator "TA"]
[PlyCount "104"]
[EventDate "2018.??.??"]
[EventType "tourn"]
[EventCountry "POL"]
[SourceTitle "playchess.com"]
[Source "ChessBase"]
[SourceQuality "1"]

{[%evp 23,104,8,20,16,55,56,60,60,52,54,57,38,38,37,40,35,42,25,29,25,33,10,14,14,14,14,14,16,43,37,40,17,75,8,8,0,10,0,0,0,0,0,0,0,0,0,0,0,0,0,0,0,0,0,0,0,97,95,106,96,112,99,109,93,187,131,130,127,181,126,111,71,102,0,0,0,64,71,64,64,64,64,64]} 1. d4 Nf6 2. c4 e6 3. Nc3 d5 4. Nf3 Bb4 5. Bg5 h6 6. Bxf6 Qxf6 7. Rc1 O-O 8. a3 Bxc3+ 9. Rxc3 c6 10. e3 Nd7 11. cxd5 exd5 12. Bd3 {D38: Damengambit (Ragosin-Verteidigung)} Nb6 {LiveBook: 6 Partien} 13. Ne5 Bf5 14. Qf3 $1 Be6 $146 ({Vorgänger:} 14... Bxd3 15. Qxf6 gxf6 16. Nxd3 Nc4 17. a4 a5 18. b3 Nd6 19. f3 Rfe8 {1-0 (55) Hebden,M (2548)-Richardson,J (2335) London 2013}) 15. Qxf6 gxf6 16. Nf3 Nc4 17. Bxc4 dxc4 18. Nd2 b5 19. Ne4 Kg7 20. Nc5 a5 21. O-O f5 22. g3 Bd5 23. f3 Rfe8 {Droht ...b4 und aus.} 24. Kf2 $1 Re7 25. Re1 b4 26. Rc2 f6 27. a4 Rb8 (27... Bf7 $11 {bleibt in der Remisbreite.}) 28. Rec1 (28. e4 $16 Bg8 29. exf5 Rxe1 30. Kxe1) 28... Rbe8 29. Re1 h5 30. h4 Kh6 31. Rcc1 Rg7 32. Rg1 Rb8 33. Rc2 Re8 34. Rcc1 Rd8 35. Rc2 Kh7 36. Rcc1 Re8 37. Rc2 Rge7 38. Re1 Rg8 39. Rg1 f4 {[#]} (39... Rge8 $11 {hält das Gleichgewicht.} 40. Re2 Kg7) 40. e4 $1 $16 {[%cal Re4d5]} ({Bitte nicht} 40. exf4 $6 Rge8 $11) 40... fxg3+ 41. Rxg3 Rxg3 42. Kxg3 {[%mdl 4096] Endspiel KTL-KTS} Bg8 43. Kf4 Kg6 (43... b3 $16 44. Rd2 Kh6) 44. Rc1 (44. Rg2+ $18 Kf7 45. Ke3) 44... Kg7 45. Rg1+ Kf7 (45... Kf8 $16 {kämpft weiter.} 46. Ke3 Bh7) 46. Rg2 (46. Ke3 $18) 46... Kf8 47. Kf5 Kf7 48. Rg1 (48. Rg3 $16) 48... Bh7+ $1 $11 49. Kf4 {[#] Tc1 ist eine echte Drohung.} Kf8 (49... Bg8 $1 $11) 50. Rc1 Bg8 51. Kf5 Kg7 52. Rg1+ Kf7 {Precision: Weiß = 58%, Schwarz = 55%.} 1/2-1/2

[Event "Budimex POL-ch Women 2018"]
[Site "Warsaw"]
[Date "2018.05.20"]
[Round "9"]
[White "Sliwicka, Alicja"]
[Black "Majdan, Joanna"]
[Result "1/2-1/2"]
[WhiteElo "2261"]
[BlackElo "2369"]
[Annotator "TA"]
[PlyCount "134"]
[EventDate "2018.??.??"]
[EventType "tourn"]
[EventCountry "POL"]
[SourceTitle "playchess.com"]
[Source "ChessBase"]
[SourceQuality "1"]

{[%evp 27,134,25,25,16,37,31,38,35,56,48,56,22,29,5,16,0,38,35,34,32,26,18,37,33,323,38,20,16,157,176,160,62,73,59,62,0,71,14,31,36,193,182,179,189,217,220,214,221,206,211,281,291,316,301,303,300,308,195,222,193,210,202,211,29,26,26,26,26,26,26,26,26,29,30,38,38,62,69,100,10,12,8,8,8,8,8,8,0,8,8,8,8,8,8,8,8,8,8,8,8,8,8,8,8,8,8,8,8,8]} 1. e4 c5 2. Nf3 Nc6 3. d4 cxd4 4. Nxd4 e5 5. Nb5 d6 6. c4 Be7 7. N1c3 a6 8. Na3 f5 9. exf5 Bxf5 10. Bd3 Be6 11. Nc2 Nf6 {B32: Sicilian: Löwenthal and Kalashnikov Variations} 12. O-O O-O (12... Qd7 13. Bg5 O-O 14. b3 Bd8 15. Rb1 Bb6 16. Be3 Bc7 17. Qd2 h6 18. f3 Rad8 19. Be4 Ba5 {½-½ (52) Andreikin,D (2736)-Roganovic,M (2478) Novi Sad 2016}) 13. Ne3 Qd7 14. b3 Bd8 {LiveBook: 4 Games} 15. Ne4 Kh8 $146 ({Predecessor:} 15... Bb6 16. Ba3 Nxe4 17. Bxe4 Bd4 18. Rb1 Rf6 19. Bb2 Rf4 {½-½ (56) Matsenko,A (2294)-Quirhuayo Chumbe,G (1858) Barcelona 2014}) 16. Ba3 Bc7 $1 17. Nxf6 Rxf6 18. Be4 Raf8 19. Qd3 Qf7 20. f3 Qh5 21. Rfd1 ({Don't play} 21. Bxd6 Bxd6 22. Qxd6 Bxc4 $15) 21... Rh6 22. Nf1 $1 Bb6+ 23. Kh1 Bd4 24. Bc1 g5 25. Rb1 Bf2 $2 {[%mdl 8192]} (25... Bg4 $14) 26. Be3 $2 ({Avoid the trap} 26. Qxd6 $2 Rff6 $19) (26. Bxc6 $18 bxc6 27. Qxd6) 26... Bxe3 $14 27. Qxe3 g4 (27... Nd4 $1 $11 {remains equal.}) 28. Rxd6 $16 Nd4 {[%cal Rg4f3]} 29. Rxd4 (29. Rb2 $16) 29... exd4 $14 30. Qxd4+ Kg8 31. Qf2 ({White should play} 31. f4 $14) 31... Qf7 (31... b5 $11) 32. Qg3 (32. Qd2 $16 Rf6 33. Ne3) 32... Rf6 33. Ne3 {[%cal Bf1e3,Be3d5,Bd5f6][%mdl 32]} Rf4 $2 ({Better is} 33... Qg7 $14) 34. h3 $18 Qg7 35. hxg4 h5 {[%cal Rh5g4]} 36. Nd5 Rxe4 37. fxe4 {[%cal Bf3e4,Be4e5][%mdl 32] Threatens to win with g5.} hxg4 38. Re1 Rf7 39. e5 {[#] Black must now prevent Nf6+.} Qg5 40. Nf6+ Kg7 41. Qh2 {White wants to mate with Qh7+.} Bf5 42. Rf1 Bd3 43. Rf4 Qxe5 {Strongly threatening ...Qe1+.} 44. Nh5+ Kh8 {[#]} 45. Rxf7 $2 (45. Qh4 $1 $18 Qe7 46. Qxg4 Qe1+ 47. Kh2) 45... Qe1+ $11 46. Rf1 Qxf1+ 47. Qg1 Qxg1+ $1 48. Kxg1 {[%mdl 4096] Endgame KB-KN} Bb1 49. a3 Ba2 50. b4 {c5 is the strong threat.} Bxc4 51. Kf2 Be6 52. Kg3 Kh7 53. Nf6+ (53. Nf4 $16 Bd7 54. Nd3) 53... Kg6 {The position is equal.} 54. Nxg4 Kf5 55. Nf2 Ke5 56. Nd3+ Kd4 57. Nf4 Bc4 58. Kf3 Kc3 59. Ke4 Kb3 60. Kd4 Bf7 61. Kc5 Kxa3 62. Nd3 Kb3 63. g4 Kc3 64. Ne5 Be6 65. g5 {Hoping for g6.} b6+ 66. Kxb6 Kxb4 67. Kxa6 Kc5 {Precision: White = 50%, Black = 43%.} 1/2-1/2

[Event "Budimex POL-ch Women 2018"]
[Site "Warsaw"]
[Date "2018.05.20"]
[Round "10"]
[White "Warakomska, Anna"]
[Black "Zawadzka, Jolanta"]
[Result "0-1"]
[WhiteElo "2295"]
[BlackElo "2424"]
[Annotator "TA"]
[PlyCount "94"]
[EventDate "2018.??.??"]
[EventType "tourn"]
[EventCountry "POL"]
[SourceTitle "playchess.com"]
[Source "ChessBase"]
[SourceQuality "1"]

{[%evp 17,94,11,30,-13,-12,-6,0,0,0,0,13,2,50,38,37,42,46,44,60,65,57,60,58,57,62,62,83,48,60,49,62,48,41,22,37,22,31,29,41,-37,-32,-45,-40,-169,-164,-162,-166,-284,-266,-479,-459,-457,0,-270,-253,-244,-231,-440,-434,-858,-246,-248,-232,-241,-237,-321,-333,-507,-487,-494,-484,-543,-521,-29987,-29988,-29991,-29992,-29994,-1020]} 1. d4 d5 2. Bf4 Nf6 3. e3 e6 4. Nd2 c5 5. c3 Nc6 6. Ngf3 Bd6 7. Bg3 Bxg3 8. hxg3 Qd6 9. Bb5 Bd7 {LiveBook: 40 Games. D02: 1 d4 d5 2 Nf3 sidelines, including 2...Nf6 3 g3 and 2...Nf6 3 Bf4} 10. O-O (10. Bxc6 Bxc6 11. Ne5 Qc7 12. Qf3 h6 13. Qf4 Qe7 14. g4 Nh7 15. Qg3 Rg8 16. O-O Nf6 17. Rac1 {1-0 (29) Carlsen,M (2857)-Ghaem Maghami,E (2566) Baku 2016}) 10... O-O 11. Qe2 $146 ({Predecessor:} 11. a4 a6 12. Bxc6 Bxc6 13. a5 Bb5 14. Re1 Rac8 15. Qb3 Rc7 16. Qa3 Rd8 17. Ne5 {½-½ (37) Eljanov,P (2742)-Grachev,B (2654) Moscow 2010}) 11... a6 {The position is equal.} 12. dxc5 Qxc5 13. Bd3 e5 {Threatens to win with ...e4.} 14. e4 Bg4 15. exd5 Qxd5 {aiming for ...Bxf3.} 16. Ne4 Qe6 17. Rfe1 Bxf3 18. Qxf3 Nxe4 19. Qxe4 {[%csl Gd3][%cal Re4h7]} g6 20. Bc4 Qf6 21. Bd5 Rfe8 22. Rad1 Rac8 23. Rd3 {Hoping for Rf3.} Rc7 24. Red1 Kg7 25. Bb3 Ree7 26. Rd6 Qg5 27. Qd5 Qg4 28. Bc2 (28. Kf1 $14) 28... e4 $15 {[%cal Be5e4,Be4e3,Be3f2][%mdl 32]} 29. Re1 {[%cal Re1e4]} e3 $1 {[%cal Re3f2] White must now prevent ...exf2+.} 30. Qf3 {[#]} ({White should play} 30. Bd1 $1 $15 e2 31. Bb3) 30... exf2+ $1 $19 31. Kxf2 Qg5 32. Rd5 (32. Qf4 $142 Qc5+ 33. Kf1) 32... Ne5 33. Qd1 $2 (33. Rdxe5 Rxe5 34. Qf4) 33... Ng4+ 34. Kf3 Ne5+ (34... Nh2+ $142 35. Kf2 Ng4+ 36. Kf3 Ne5+ 37. Kf2 Rc6) 35. Kf2 h5 36. Qd4 {[%cal Re1e5]} f6 37. Kf1 $2 (37. Bd1) 37... Qxg3 {( -> ...Nd3)} 38. Rd8 (38. Qe3 $142 Qxe3 39. Rxe3) 38... Rcd7 $2 (38... Nc6 {[%csl Gg3][%cal Re7e1]} 39. Qf2 Qxf2+ 40. Kxf2 Nxd8) 39. Rxd7 Rxd7 40. Qe4 b5 $40 {[%mdl 128] Black wants a kill.} 41. Re3 {[#]} Qg5 $1 42. Re2 (42. Re1 {was necessary.}) 42... Qc1+ 43. Re1 Qxb2 44. Bb3 Qxc3 45. Qa8 Qd3+ {Black mates.} 46. Kg1 Qd4+ 47. Kh1 Qh4+ {Precision: White = 35%, Black = 70%.} 0-1

[Event "Budimex POL-ch Women 2018"]
[Site "Warsaw"]
[Date "2018.05.20"]
[Round "11"]
[White "Zawadzka, Jolanta"]
[Black "Warakomska, Anna"]
[Result "1/2-1/2"]
[WhiteElo "2424"]
[BlackElo "2295"]
[Annotator "TA"]
[PlyCount "90"]
[EventDate "2018.??.??"]
[EventType "tourn"]
[EventCountry "POL"]
[SourceTitle "playchess.com"]
[Source "ChessBase"]
[SourceQuality "1"]

{[%evp 24,90,31,4,64,72,87,-14,-18,-20,-24,-14,-10,-19,-16,-29,11,12,5,2,48,51,88,65,179,177,169,60,60,60,61,89,68,7,0,0,0,0,7,18,13,0,0,-128,-125,-124,45,-15,122,0,0,-64,400,208,220,0,29990,29991,29991,29992,29992,29993,29993,29994,29994,0,896,0,29994]} 1. e4 c5 2. Nf3 e6 3. d4 cxd4 4. Nxd4 Nc6 5. Nb5 d6 6. c4 a6 7. N5c3 Nf6 8. Be2 Be7 9. O-O O-O 10. Be3 b6 11. Na3 Bb7 12. f3 Ne5 13. Rc1 {LiveBook: 49 Games} d5 {B44: Sicilian: Taimanov: 5 Nb5} (13... Re8 $11) (13... Rc8 14. Qd2 Qc7 15. Rfd1 Rfe8 16. Bf1 h6 17. Kh1 Ba8 18. Qf2 Rb8 19. h3 h5 20. Rc2 h4 21. Bg5 Ng6 22. Rcd2 Red8 23. Nc2 {0-1 (49) Henriquez Villagra,C (2517)-Matlakov,M (2694) Doha 2016}) 14. cxd5 $14 exd5 15. exd5 $146 (15. f4 $16 Nc6 16. Nxd5) ({Predecessor:} 15. Nxd5 Nxd5 16. exd5 Bxd5 17. Qd4 Bf6 18. Qxb6 Qxb6 19. Bxb6 Rfb8 20. Bc7 Rxb2 21. Bxa6 {½-½ (75) Perez de Aranda,L (2109)-Calugar,A (2299) Richardson 2013}) 15... b5 $11 {[%cal Bb6b5,Bb5b4][%mdl 32]} 16. Nc2 b4 17. Ne4 Nxd5 18. Bd4 Nc6 19. Bf2 Qa5 20. Nd4 Nxd4 $1 21. Qxd4 {With the idea Qe5.} Rfd8 22. Qe5 $36 {[%mdl 2048] White is pushing.} Bf8 23. Bc4 Re8 (23... Rac8 $14) 24. Qf5 $18 {Black must now prevent Ng5.} h6 25. Bd4 (25. Bb3 $18) 25... Qd8 $1 $14 26. Rfd1 Qc8 $1 {[%cal Rc8f5]} 27. Qh5 Qe6 28. Bxg7 (28. Nc5 $14 Bxc5 29. Bxc5) 28... Bxg7 $11 29. Bxd5 Bxd5 30. Rxd5 Bxb2 31. Rcd1 Bg7 32. h3 a5 {[%cal Ba6a5,Ba5a4][%mdl 32]} 33. R1d2 (33. Rd6 $11 Qxa2 34. Qg4) 33... a4 $1 $17 34. Rd6 Qc4 $2 ({Better is} 34... Qe5 $17 35. Qxe5 Bxe5) 35. Qg4 (35. Nf6+ $14 Bxf6 36. Rxf6) 35... Kh8 {[#]} (35... Kf8 $1 $11 {keeps the balance.} 36. Qd7 Re7) 36. Qh5 ({White has to play} 36. Qf5 $1 $16 {Strongly threatening Nf6.} b3 37. Nf6 Bxf6 38. Qxf6+ Kg8 39. R2d4 Re1+ 40. Kh2) 36... Qc1+ 37. Rd1 ({White should try} 37. Kh2 $11 Qc7 38. g3) 37... Qb2 $2 {[%mdl 8192]} (37... Qf4 $15 {stays ahead.}) 38. Rxh6+ (38. Ng5 $142 Ra7 39. Nxf7+ Rxf7 40. Qxf7) 38... Kg8 $18 39. Ng5 $2 (39. Qg5 $18 {And now Nf6+ would win.} Ra5 40. Qxa5 Bxh6 41. Qxa4) 39... Qxa2 $4 {[%mdl 8192] [#]} (39... Ra7 $11) 40. Rh8+ $1 Bxh8 41. Qh7+ Kf8 42. Qxh8+ Ke7 43. Qe5+ Kf8 44. Qh8+ (44. Nh7+ $142 Kg8 45. Nf6+ Kf8 46. Nd7+ Kg8 47. Qg5+ Kh8 48. Qh6+ Kg8 49. Nf6#) 44... Ke7 45. Qe5+ (45. Qd4 $18 Kf8 46. Nh7+ Kg8 47. Nf6+ Kf8 48. Nd7+ Kg8 49. Qg4+ Kh8 50. Qh4+ Kg8 51. Qg5+ Kh8 52. Qh6+ Kg8 53. Nf6#) 45... Kf8 {[%mdl 32768] Precision: White = 29%, Black = 38%. . An unexpected result.} 1/2-1/2